000 00206nam a22000857a 4500
008 170125b xxu||||| |||| 00| 0 eng d
100 _92572
_aChawla.A
245 _aHow Does it Work
260 _aNew Delhi
_bDp
_c2010
999 _c5690
_d5690